El poder mágico de los cristales : (Registro nro. 38991)

Detalles MARC
000 -CABECERA
Longitud fija campo de control 00688nam a2200217Ii 4500
003 - IDENTIFICADOR DEL NUMERO DE CONTROL
Identificador del número de control CO-ViMGA
008 - CODIGOS DE INFORMACION DE LONGITUD FIJA
Códigos de información de longitud fija 241108s9999||||xx |||||||||||||| ||und||
020 ## - NUMERO INTERNACIONAL NORMALIZADO PARA LIBROS
Número Internacional Normalizado para Libros (ISBN) 9582804335
040 ## - FUENTE DE LA CATALOGACION
Centro catalogador de origen CO-ViMGA
Lengua de catalogación spa
Normas de descripción rda
Centro transcriptor CO-ViMGA
041 0# - CODIGO DE LENGUA
Código de lengua del texto/banda sonora o título independiente spa
082 04 - NUMERO DE LA CLASIFICACION DECIMAL DEWEY
Número de clasificación (R) 133.44 G14p
100 1# - PUNTO DE ACCESO PRINCIPAL-NOMBRE DE PERSONA
Nombre de persona Alicia Gallotti
245 10 - TITULO PROPIAMENTE DICHO
Título El poder mágico de los cristales :
Resto del título sus extraordinarias propiedades energéticas y terapéuticas
264 #1 - PRODUCCION, PUBLICACION , DISTRIBUCION, FABRICACION Y COPYRIGHT
Lugar de producción, publicación, distribución, fabricación Bogotá, Colombia : Círculo de Lectores, 1993
300 ## - DESCRIPCION FISICA
Extensión volumen
336 ## - TIPO DE CONTENIDO
Término de tipo de contenido text
Código de tipo de contenido txt
Fuente rdacontent
337 ## - TIPO DE MEDIO
Nombre del tipo de medio unmediated
Código del tipo de medio n
Fuente rdamedia
338 ## - TIPO DE SOPORTE
Nombre del tipo de soporte volume
Código del tipo de soporte nc
Fuente rdacarrier
940 ## -
T&íacute;tulo uniforme <a href="idficha_siabuc: 17221. -- ficha_no_siabuc:17557">idficha_siabuc: 17221. -- ficha_no_siabuc:17557</a>
Existencias
Perdido Estado Físico No para pr&eacute;stamo Forma de adquisición Localizaci&oacute;n permanente Localizaci&oacute;n actual Localización en estanterías Fecha adquisici&oacute;n Signatura completa C&oacute;digo de barras Fecha &uacute;ltima consulta N&uacute;mero de copia Fecha del precio de reemplazo Tipo de item de Koha Note p&uacute;blica
      Sala General Biblioteca Pública Departamental Eduardo Carranza - Villavicencio Biblioteca Pública Departamental Eduardo Carranza - Villavicencio General 10/27/2014 133.44 G14p ECA23117 11/25/2024 Ej.1 11/25/2024 LIbro 17221 | 22133









Instituto Departamental de Cultura del Meta - Red Departamental de Bibliotecas Públicas del Meta.